County Mayo Quiz - Statistics

General Stats
  • This quiz has been taken 13 times
  • The average score is 16 of 20
Answer Stats
Hint Answer % Correct
Biggest island off of Ireland Achill Island
100%
County town of Mayo Castlebar
100%
Province that Mayo is in Connacht
100%
Bordering counties Galway
100%
US President whose great-great grandfather was from Ballina Joe Biden
100%
Village with a pilgrimage site and an airport Knock
100%
Bordering counties Roscommon
100%
Bordering counties Sligo
100%
Mayo GAA colours and the county's nickname are the "... above the red" Green
89%
First female president of Ireland Mary Robinson
89%
Third highest mountain in Mayo often climbed as pilgrimage Croagh Patrick
78%
Pirate queen born in Westport Grainne Mhaol/Grace O' Malley/Granuaile
78%
Manager of Westlife and Jedward, and judge on X Factor Louis Walsh
78%
Bay with more than 100 islands Clew Bay
67%
Taoiseach of Ireland 2011-2017 Enda Kenny
67%
Mayoman known as the Father of the Land League Michael Davitt
67%
The Lord of the Dance, whose great grandparents are from Mayo Michael Flatley
67%
5 star world-famous hotel, once owned by the Guinness family Ashford Castle
56%
Island of off Mayo, where the above lived and possibly where she is buried Clare Island
44%
Author of "Normal People" and "Intermezzo" Sally Rooney
33%
No matching quizzes found
Score Distribution
Percent of People with Each Score
Percentile by Number Answered
Your Score History
You have not taken this quiz